[Event "Mecklenburg-Vorpommern 2-Württemberg 1"]
[Site "Templin"]
[Date "2017.09.26"]
[Round "2.1"]
[White "Fritsch, Rolf"]
[Black "Krüger, Horst"]
[Result "1/2-1/2"]
[BlackElo "2036"]
[BlackTeam "Mecklenburg-Vorpommern 2"]
[Board "1"]
[WhiteElo "2214"]
[WhiteTeam "Württemberg 1"]

1. d4 d5 2. Nf3 Nf6 3. c4 c6 4. g3 Bf5 5. Nc3 e6 6. Nh4 Bg6 7. Nxg6 hxg6 8. cxd5
exd5 9. Bg2 Nbd7 10. O-O  Be7 11. Rb1 Nb6 12. b4 a6 13. a4 O-O  14. Qb3
Qd7 15. Rd1 Qf5 16. f3 Rfd8 17. Bf4 Rd7 18. a5 g5 19. Bc1 Nc4 20. e4 Qg6 21. e5
Nh7 22. Bf1 Rad8 23. Bxc4 dxc4 24. Qxc4 Nf8 25. Be3 Ne6 26. Rb2 Nc7 27. Bf2 Nd5
28. Re1 Qf5 29. Nxd5 Rxd5 30. Qe2 Rb5 31. Reb1 Qe6 32. Kg2 g6 33. g4 Rd7 34.
Qc2 Kg7 35. Qb3 Rdd5 36. Qc3 Qd7 37. Re1 Qe6 38. Re4 Rd7 39. Be3 Qd5 40. h3 Rd8
41. Qd2 f5 42. exf6+ Bxf6 43. Qc1 Rd7 44. Qc3 Kf7 45. Rc2 Kg7 46. Qc4 Be7 47.
Re5 Qxc4 48. Rxc4 Rxe5 49. dxe5 Kf7 50. Bd4 Ke6 51. Bc3 Rd3  1/2-1/2

[Event "Mecklenburg-Vorpommern 2-Württemberg 1"]
[Site "Templin"]
[Date "2017.09.26"]
[Round "2.2"]
[White "Wiemer, Jürgen"]
[Black "Weisenburger, Horst"]
[Result "1-0"]
[BlackElo "2137"]
[BlackTeam "Württemberg 1"]
[Board "2"]
[WhiteElo "2028"]
[WhiteTeam "Mecklenburg-Vorpommern 2"]

1. e4 c5 2. c3 d5 3. exd5 Qxd5 4. Nf3 Bf5 5. Na3 Nc6 6. Be2 O-O-O  7. O-O
 e5 8. Nc4 Bg6 9. a3 e4 10. Nh4 Be7 11. Nxg6 hxg6 12. b4 Bd6 13. g3 Ne5 14.
Nxe5 Bxe5 15. bxc5 Qe6 16. Bg4 f5 17. Be2 Bxc3 18. Rb1 Bd4 19. c6 Qxc6 20. Bb2
Kb8 21. Bxd4 Rxd4 22. Qb3 Nf6 23. Rfc1 Qd7 24. Bb5 Qe7 25. Qe3 Rhd8 26. Rc2 Ng4
27. Qc3 Ne5 28. Rbc1 a6 29. Bxa6 bxa6 30. Rb1+ Ka8 31. Qa5 Rb8 32. Qxa6+ Qa7
33. Rxb8+  1-0

[Event "Mecklenburg-Vorpommern 2-Württemberg 1"]
[Site "Templin"]
[Date "2017.09.26"]
[Round "2.3"]
[White "Bräuner, Uwe"]
[Black "Nauschütz, Ernst"]
[Result "1-0"]
[BlackElo "1966"]
[BlackTeam "Mecklenburg-Vorpommern 2"]
[Board "3"]
[WhiteElo "2176"]
[WhiteTeam "Württemberg 1"]

1. d4 Nf6 2. Nf3 e6 3. c4 Bb4+ 4. Bd2 Qe7 5. a3 Bxd2+ 6. Qxd2 b6 7. Nc3 Bb7 8.
g3  O-O  9. Bg2 d6 10. O-O  Ne4 11. Nxe4 Bxe4 12. Ne1 Bxg2 13. Nxg2
c5 14. d5 e5 15. e4 f5 16. exf5 Rxf5 17. Rae1 Nd7 18. Re2 Raf8 19. f4 R5f7 20.
Ref2 g6 21. b3 a5 22. Qe2 exf4 23. Qxe7 Rxe7 24. Rxf4 Rfe8 25. R1f3 Ne5 26. Re3
g5 27. Rf5 h6 28. Rf6 Nf7 29. Rg6+ Kf8 30. Rf3 Re5 31. Rxd6 Kg7 32. Rxb6 R8e7
33. Rc6 a4 34. bxa4 Re2 35. Rxc5 Rc2 36. Ne3 Rc1+ 37. Kg2 Ra7 38. Nf5+ Kh7 39.
Re3 g4 40. d6 Kg6 41. Re6+ Kh7 42. Re7 Rc2+ 43. Kf1 Rxa4 44. Rxf7+ Kg6 45. Rg7+
Kf6 46. d7  1-0

[Event "Mecklenburg-Vorpommern 2-Württemberg 1"]
[Site "Templin"]
[Date "2017.09.26"]
[Round "2.4"]
[White "Krüger, Gerhard"]
[Black "Gerstenberger, Heinz"]
[Result "0-1"]
[BlackElo "2119"]
[BlackTeam "Württemberg 1"]
[Board "4"]
[WhiteElo "1978"]
[WhiteTeam "Mecklenburg-Vorpommern 2"]

1. e4 c5 2. Nf3 a6 3. c4 e6 4. d4 cxd4 5. Nxd4 Nf6 6. Bd3 Qc7 7. O-O  b6 8.
Nc3 Bb7 9. Be3 d6 10. f3 Nbd7 11. Rc1 Be7 12. b3 Rc8 13. Qd2 O-O  14. Qf2
Qb8 15. Bb1 Rfe8 16. Nde2 d5 17. cxd5 exd5 18. exd5 Nxd5 19. Nxd5 Bxd5 20. Bf5
Rxc1 21. Rxc1 Nc5 22. b4 Ne6 23. a3 b5 24. Nd4 Nxd4 25. Bxd4 Qf4 26. Rc8 Rxc8
27. Bc5 Qc1+  0-1

[Event "Sachsen 2-Schleswig-Holstein 1"]
[Site "Templin"]
[Date "2017.09.26"]
[Round "2.1"]
[White "Salov, Sergej"]
[Black "Bodach, Hans"]
[Result "1/2-1/2"]
[BlackElo "2183"]
[BlackTeam "Sachsen 2"]
[Board "1"]
[WhiteElo "2215"]
[WhiteTeam "Schleswig-Holstein 1"]

1. e4 c5 2. Nf3 d6 3. Bb5+ Bd7 4. Bxd7+ Nxd7 5. O-O  Ngf6 6. Qe2 g6 7. c3
Bh6 8. d4 Bxc1 9. Rxc1 e5 10. dxe5 dxe5 11. Nbd2 Qc7 12. a4 O-O  13. Nc4
Rfe8 14. Rd1 Re7 15. Ne3 Nf8 16. Qc4 b6 17. Nd5 Nxd5 18. Rxd5 Rd8 19. Rad1 Rxd5
20. Rxd5 Kg7 21. g3  1/2-1/2

[Event "Sachsen 2-Schleswig-Holstein 1"]
[Site "Templin"]
[Date "2017.09.26"]
[Round "2.2"]
[White "Selig, Rainer"]
[Black "Gruzmann, Boris"]
[Result "0-1"]
[BlackElo "2210"]
[BlackTeam "Schleswig-Holstein 1"]
[Board "2"]
[WhiteElo "2096"]
[WhiteTeam "Sachsen 2"]

1. d4 Nf6 2. Nf3 g6 3. g3 Bg7 4. Bg2 O-O  5. O-O  d6 6. c4 Nc6 7. Nc3 a6
8. Bg5 h6 9. Bd2 Rb8 10. Qc1 Kh7 11. Rd1 Bg4 12. Be3 Qc8 13. d5 Nd8 14. Ba7 Ra8
15. Be3 Bh3 16. Rb1 Bxg2 17. Kxg2 Ng4 18. Bd4 e5 19. dxe6 fxe6 20. Bxg7 Kxg7
21. Ne4 e5 22. c5 Qf5 23. Qc4 Nf6 24. Nxf6 Rxf6 25. g4 Qe6 26. Qxe6 Nxe6 27.
cxd6 cxd6 28. Rbc1 Raf8 29. Rc4 d5 30. Rb4 b5 31. Rxd5 Nf4+ 32. Rxf4 Rxf4 33.
Rxe5 Rxg4+ 34. Kf1 Rc8 35. Ke1 Ra4 36. a3 Rc2 37. Re7+ Kf6 38. Re3 Rxb2 39. Ne5
h5 40. Nd7+ Kg5 41. f3 Rh4 42. Re6 Rxh2 43. Nf8 Kf5  0-1

[Event "Sachsen 2-Schleswig-Holstein 1"]
[Site "Templin"]
[Date "2017.09.26"]
[Round "2.3"]
[White "Stark, Hans-Werner"]
[Black "Brauer, Christian"]
[Result "1-0"]
[BlackElo "2094"]
[BlackTeam "Sachsen 2"]
[Board "3"]
[WhiteElo "2103"]
[WhiteTeam "Schleswig-Holstein 1"]

1. e4 e5 2. Nf3 Nf6 3. Nxe5 d6 4. Nf3 Nxe4 5. d4 d5 6. Bd3 Be7 7. O-O  Nc6
8. Re1 Bg4 9. c3 f5 10. Nbd2 Qd6 11. Qa4 O-O  12. Qb3 Kh8 13. Qxb7 Rab8 14.
Qa6 Rb6 15. Qa4 Qg6 16. Qc2 Bd6 17. Be2 Qh5 18. Nf1 f4 19. N1d2 Ne7 20. Nxe4
dxe4 21. Qxe4 Bf5 22. Ne5 Qe8 23. Qxf4 Ng6 24. Bh5 Qb5 25. Bxg6 Bxe5 26. Rxe5
Qd3 27. Qd2 Bxg6 28. Qxd3 Bxd3 29. b3 h6 30. Ba3 Rd8 31. Bc5 Ra6 32. Re7 Bc2
33. Rxc7 Bxb3 34. Rxa7  1-0

[Event "Sachsen 2-Schleswig-Holstein 1"]
[Site "Templin"]
[Date "2017.09.26"]
[Round "2.4"]
[White "Westphal, Norbert, Dr."]
[Black "Neumann, Joachim"]
[Result "0-1"]
[BlackElo "2093"]
[BlackTeam "Schleswig-Holstein 1"]
[Board "4"]
[WhiteElo "1947"]
[WhiteTeam "Sachsen 2"]

1. Nf3 Nf6 2. c4 b6 3. g3 Bb7 4. Bg2 c5 5. O-O  e6 6. Nc3 Be7 7. d3  O-O
 8. e4 d6 9. a3 Nbd7 10. Qe2 Rc8 11. Bd2 Ne5 12. Rfe1 a6 13. Rad1 Qc7 14.
Bf1 Nxf3+ 15. Qxf3 Nd7 16. Qh5 g6 17. Qe2 Ne5 18. Be3 Nc6 19. Qd2 Bf6 20. Ne2
Ne5 21. Bg2 Rfd8 22. Bg5 Qe7 23. Bxf6 Qxf6 24. f4 Nc6 25. b4 Nd4 26. Nxd4 Qxd4+
27. Qf2 Qf6 28. e5 Qe7 29. exd6 Rxd6 30. Bxb7 Qxb7 31. bxc5 bxc5 32. Re5 Qb3
33. Rd2 Qxa3 34. Ra2 Qxd3 35. Ra5 Qxc4 36. Rexc5 Rxc5 37. Rxc5 Qd4 38. Qxd4
Rxd4 39. Ra5 Rd6 40. Kf2 h5 41. h3 f5 42. g4 hxg4 43. hxg4 Kf7 44. Kg3 Rd3+ 45.
Kh4 Rf3 46. Ra4 Kf6 47. gxf5 Rxf4+  0-1

[Event "Brandenburg 1-Schleswig-Holstein 2"]
[Site "Templin"]
[Date "2017.09.26"]
[Round "2.1"]
[White "Kornrumpf, Joachim, Prof. Dr."]
[Black "Walter, Günter"]
[Result "1/2-1/2"]
[BlackElo "2158"]
[BlackTeam "Brandenburg 1"]
[Board "1"]
[WhiteElo "2082"]
[WhiteTeam "Schleswig-Holstein 2"]

1. b3 Nf6 2. Bb2 d6 3. e3 g6 4. Nf3 Bg7 5. c4 O-O  6. Be2 e5 7. d3 Nc6 8. a3
a5 9. Nbd2 Qe7 10. Qc2 h6 11. O-O  g5 12. h3 Bf5 13. Bc3 Bg6 14. Qb2 Nd7
15. b4 Nb6 16. Qb3 Rfb8 17. Rac1 Nd7 18. Rfe1 Kh7 19. Bf1 f5 20. d4 e4 21. b5
exf3 22. bxc6 bxc6 23. Qa4 fxg2 24. Bxg2 Be8 25. Qc2 Bg6 26. Bxc6 Ra6 27. Bg2
g4 28. e4 gxh3 29. exf5 Qg5 30. fxg6+ Kh8 31. Qe4 d5 32. f4 Qg4 33. Qf3 Rxg6
34. Kh2 hxg2 35. Qxg4 Rxg4 36. Rg1 dxc4 37. Rxg2 Rxg2+ 38. Kxg2 c5 39. Nxc4 Rb3
40. Ne5 cxd4 41. Bxd4 Nxe5 42. fxe5 Rxa3 43. Rc8+ Kh7 44. e6 Bxd4 45. e7 Re3 
1/2-1/2

[Event "Brandenburg 1-Schleswig-Holstein 2"]
[Site "Templin"]
[Date "2017.09.26"]
[Round "2.2"]
[White "Walkewitz, Hubert"]
[Black "Dittmann, Hans-Adolf"]
[Result "1-0"]
[BlackElo "2084"]
[BlackTeam "Schleswig-Holstein 2"]
[Board "2"]
[WhiteElo "2134"]
[WhiteTeam "Brandenburg 1"]

1. f4 Nf6 2. Nf3 d6 3. Nc3 c5 4. e4 Nc6 5. Bb5 a6 6. Bxc6+ bxc6 7. O-O  g6
8. e5 Nd5 9. exd6 exd6 10. d4 Nxc3 11. bxc3 Be7 12. dxc5 d5 13. Be3 O-O 
14. Ne5 Qc7 15. Rb1 f6 16. Nd3 a5 17. Bd4 Bf5 18. Qd2 Qd7 19. Rb6 Bd8 20. Rb2
Bc7 21. g3 h5 22. Re1 Ra7 23. Nf2 h4 24. Qe3 Bd8 25. gxh4 Qh7 26. Qg3 Qh5 27.
h3 Rh7 28. Rb8 Re7 29. Rxe7 Bxe7 30. Rb7 Qe2 31. Qe3 Qxe3 32. Bxe3 Re8 33. Ng4
Bxc2 34. Bd4 f5 35. Ne3 Bd3 36. Kh2 Bxh4 37. Rg7+ Kf8 38. Rxg6 Rb8 39. Be5 Rb1
 40. Rg1 Bf2 41. Rxb1 Bxb1 42. Bd6+ Ke8 43. Nd1 Be1 44. a3 Bd2 45. Nf2 Bxc3
46. Be5 Be1 47. Kg2 Be4+ 48. Kf1 Bd2 49. h4 a4 50. h5 Kf7 51. Nh3 Kg8 52. Ng5
Bxf4 53. Bxf4 Kg7 54. h6+  1-0

[Event "Brandenburg 1-Schleswig-Holstein 2"]
[Site "Templin"]
[Date "2017.09.26"]
[Round "2.3"]
[White "Gehrmann, Rudolf-Rainer"]
[Black "Jandke, Manfred"]
[Result "0-1"]
[BlackElo "2147"]
[BlackTeam "Brandenburg 1"]
[Board "3"]
[WhiteElo "2096"]
[WhiteTeam "Schleswig-Holstein 2"]

1. c4 Nf6 2. Nc3 a6 3. g3 c5 4. Bg2 Nc6 5. Nf3 d5 6. cxd5 Nxd5 7. Nxd5 Qxd5 8.
b3 e5 9. d3 Be7 10. O-O  O-O  11. Bb2 Qe6 12. Rc1 Rb8 13. Ba3 Nb4 14.
Bxb4 cxb4 15. e3 Rd8 16. Qd2 Qd6 17. Rfd1 Bg4 18. h3 Be6 19. Qb2 Bf6 20. d4
exd4 21. Nxd4 Qb6 22. f4 Bd5 23. Qf2 Bxg2 24. Kxg2 g6 25. Rc4 Rbc8 26. Rxc8
Rxc8 27. Rd2 Rc3 28. Kh2 Qc5 29. Nc2 Qe7 30. Qg2 h5 31. e4 h4 32. g4 Qc7 33. e5
Bxe5 34. fxe5 Qxe5+ 35. Kh1 Rg3 36. Qf1 Qc3 37. Qd1 Rxh3+ 38. Kg1 Rg3+ 39. Rg2
Rd3 40. Qe1 Qc5+ 41. Rf2 Rg3+ 42. Kh2 Qc7 43. Kh1 Rc3 44. Qe4 a5 45. Ne3 Rc1+
46. Nf1 Qd7 47. Qf4 Qd5+ 48. Kh2 Re1 49. Kg1 Re4 50. Qf3 Qe6 51. Rg2 g5 52. Qd1
Kg7 53. Qa1+ f6 54. Qd1 Re1 55. Qf3 b5 56. Qb7+ Kg6 57. Qf3 a4 58. Rc2 Re4 59.
Nh2 Re3 60. Qd1 Re1+  0-1

[Event "Brandenburg 1-Schleswig-Holstein 2"]
[Site "Templin"]
[Date "2017.09.26"]
[Round "2.4"]
[White "Kuhne, Detlev"]
[Black "Böttcher, Ulrich"]
[Result "1/2-1/2"]
[BlackElo "2032"]
[BlackTeam "Schleswig-Holstein 2"]
[Board "4"]
[WhiteElo "2108"]
[WhiteTeam "Brandenburg 1"]

1. c4 e5 2. Nc3 f5 3. d4 exd4 4. Qxd4 Nc6 5. Qd3 d6 6. Nf3 Nf6 7. g3 Be7 8. Bg2
O-O  9. O-O  Ng4 10. b3 Bf6 11. Bb2 Be6 12. Qd2 Qe8 13. h3 Nge5 14.
Nxe5 dxe5 15. Nd5 Bxd5 16. cxd5 Nd4 17. e3 Nb5 18. Rfc1 Bd8 19. a4 Nd6 20. Qc3
Qf7 21. Qd2 Bf6 22. Rc2 Rae8 23. Rac1 Bd8 24. Ba3 f4 25. exf4 exf4 26. Qxf4
Qxf4 27. gxf4 Rxf4 28. Rd1 Nf5 29. Rd3 Nh4 30. d6 c6 31. d7 Re1+ 32. Kh2 Rf6
33. Bd6 Ree6 34. Bg3 Nf5 35. b4 Nxg3 36. fxg3 Rd6 37. Rcd2 Rxd3 38. Rxd3 Kf7
39. b5 Ke7 40. bxc6 bxc6 41. h4 Rd6 42. Rxd6 Kxd6 43. Bh3 a5 44. Kg2 Kc5 45.
Bf5 g6 46. Bg4 Kd6 47. Kf3 Ke5 48. Ke3 h6 49. Bh3 Bb6+ 50. Kd3 Kd5 51. g4 g5
52. h5 Ke5 53. Bf1 Kd5 54. Bg2+ Ke5 55. Be4 Kf4 56. Bf5 Ke5 57. Kc4 Kd6 58. Kd3
Bd8 59. Ke4 Be7 60. Kd3 Bd8  1/2-1/2

[Event "Baden 2-Bayern 2"]
[Site "Templin"]
[Date "2017.09.26"]
[Round "2.1"]
[White "Urytskyy, Arkadiy"]
[Black "Sandmeier, Toni"]
[Result "1-0"]
[BlackElo "2162"]
[BlackTeam "Baden 2"]
[Board "1"]
[WhiteElo "2176"]
[WhiteTeam "Bayern 2"]

1. Nf3 g6 2. c4 Bg7 3. Nc3 c5 4. g3 Nc6 5. Bg2 f5 6. O-O  Nf6 7. e4 d6 8.
exf5 gxf5 9. d4 Bd7 10. dxc5 dxc5 11. Re1 O-O  12. Bf4 Ne4 13. Nxe4 fxe4
14. Qd5+ Kh8 15. Ne5 Be8 16. Qxe4 Qb6 17. b3 Rd8 18. Rac1 Rd4 19. Qe3 Rdxf4 20.
gxf4 Nd4 21. Qe4 Qh6 22. Rc3 Rxf4 23. Qxb7 Rf8 24. Qe4 Rxf2 25. Rg3 Rf4 26. Qd3
Rh4 27. Re4 Qc1+ 28. Bf1 Rxe4 29. Qxe4 Bh5 30. Qa8+  1-0

[Event "Baden 2-Bayern 2"]
[Site "Templin"]
[Date "2017.09.26"]
[Round "2.2"]
[White "Dekan, Hans"]
[Black "Däubler, Heinrich"]
[Result "1/2-1/2"]
[BlackElo "2165"]
[BlackTeam "Bayern 2"]
[Board "2"]
[WhiteElo "2152"]
[WhiteTeam "Baden 2"]

1. e4 g6 2. d4 Bg7 3. Nf3 d6 4. h3 a6 5. Bc4 e6 6. O-O  Ne7 7. Nc3 b5 8. Bd3
Bb7 9. Ne2 Nd7 10. c3 O-O  11. a4 c5 12. axb5 axb5 13. Rxa8 Bxa8 14. Bxb5
cxd4 15. Nexd4 Bxe4 16. Re1 Bxf3 17. Nxf3 Nf6 18. c4 Qc7 19. Qe2 d5 20. b3 Ne4
21. Bb2 Bxb2 22. Qxb2 Nd6 23. Ne5 Nxb5 24. Ng4 d4 25. cxb5 Qc3 26. Qxc3 dxc3
27. Rc1 Nd5 28. Ne3 Rc8 29. Nc4 Rb8 30. b6 Kf8 31. Kf1 Ke7 32. Ke2 h5 33. g3 g5
34. Ra1 Nxb6 35. Ra7+ Kf6 36. Nd6 Rd8 37. Ne4+ Kf5 38. Nxc3 Rd7 39. Ra5+ Kg6
40. Rb5 Nc8 41. Ne4 f6 42. Rb8 Rc7 43. Kd3 f5 44. Nd2 Rd7+ 45. Ke3 Ne7 46. Nc4
Kf6 47. Ke2 Ra7 48. Nd2 Rd7 49. Rf8+ Kg7 50. Re8 Kf7 51. Rh8 Kg6 52. b4 Nc6 53.
Rg8+ Kf6 54. Rh8 Kg6 55. Rg8+ Kf6  1/2-1/2

[Event "Baden 2-Bayern 2"]
[Site "Templin"]
[Date "2017.09.26"]
[Round "2.3"]
[White "Hanisch, Friedrich"]
[Black "Müller, Rudolf"]
[Result "1-0"]
[BlackElo "2076"]
[BlackTeam "Baden 2"]
[Board "3"]
[WhiteElo "2081"]
[WhiteTeam "Bayern 2"]

1. d4 b6 2. e4 Bb7 3. Bd3 e6 4. Nf3 c5 5. O-O  c4 6. Bxc4 Bxe4 7. Nc3 Bxf3
8. Qxf3 Nc6 9. Be3 Qf6 10. Qe4 Qg6 11. Qxg6 hxg6 12. d5 Na5 13. Ba6 Bd6 14. g3
Nf6 15. Nb5 Nc4 16. Nxd6+ Nxd6 17. dxe6 fxe6 18. Bf4 Ke7 19. Rad1 Nf7 20. Kg2
Rh7 21. h3 Rah8 22. Rh1 Nd5 23. Bd2 Rh5 24. Bd3 Ne5 25. Be2 Rf5 26. f4 Rhf8 27.
c4 Nc7 28. Bb4+  1-0

[Event "Baden 2-Bayern 2"]
[Site "Templin"]
[Date "2017.09.26"]
[Round "2.4"]
[White "Fugmann, Bernd"]
[Black "Müller, Lutz"]
[Result "1-0"]
[BlackElo "2053"]
[BlackTeam "Bayern 2"]
[Board "4"]
[WhiteElo "1971"]
[WhiteTeam "Baden 2"]

1. e4 g6 2. Nc3 Bg7 3. d4 d6 4. Be3 Nf6 5. Qd2 Ng4 6. Bg5 h6 7. Bf4 g5 8. Bg3
Nc6 9. h3 Nf6 10. O-O-O Nh5 11. Bb5 Nxg3 12. fxg3 Bd7 13. Nge2 a6 14. Bxc6 bxc6
15. g4 O-O  16. Ng3 Rb8 17. Nf5 Bxf5 18. gxf5 Rb4 19. Ne2 Qb8 20. c3 Rb5
21. h4 f6 22. Rh2 Qb6 23. g4 Rb8 24. Ng3 Qa5 25. b3 Qa3+ 26. Qb2 Qxb2+ 27. Kxb2
d5 28. hxg5 hxg5 29. Rdh1 a5 30. Nh5 Bh8 31. Nf4 Bg7 32. Ne6 Kf7 33. Nxg7 Kxg7
34. Rh7+  1-0

[Event "Rheinland-Pfalz 2-Nordrhein-Westfalen 2"]
[Site "Templin"]
[Date "2017.09.26"]
[Round "2.1"]
[White "Zimmermann, Rolf"]
[Black "Esswein, Karlheinz"]
[Result "1/2-1/2"]
[BlackElo "2092"]
[BlackTeam "Rheinland-Pfalz 2"]
[Board "1"]
[WhiteElo "2165"]
[WhiteTeam "Nordrhein-Westfalen 2"]

1. c4 e5 2. Nc3 Nc6 3. Nf3 Bc5 4. e3 d6 5. Be2 Nf6 6. d3 a5 7. O-O  O-O 
 8. b3 Bg4 9. Bb2 Re8 10. Rc1 h6 11. Nd2 Bf5 12. Nde4 Nxe4 13. Nxe4 Bxe4
14. dxe4 Qh4 15. g3 Qe7 16. a3 Nd8 17. Bc3 Ne6 18. b4 axb4 19. axb4 Bb6 20. Qd3
Ra3 21. Ra1 Rea8 22. Rxa3 Rxa3 23. Ra1 Rxa1+ 24. Bxa1 Qe8  1/2-1/2

[Event "Rheinland-Pfalz 2-Nordrhein-Westfalen 2"]
[Site "Templin"]
[Date "2017.09.26"]
[Round "2.2"]
[White "Schwertel, Johann"]
[Black "Bogorad, Michail"]
[Result "1/2-1/2"]
[BlackElo "2109"]
[BlackTeam "Nordrhein-Westfalen 2"]
[Board "2"]
[WhiteElo "1930"]
[WhiteTeam "Rheinland-Pfalz 2"]

1. d4 d6 2. Nf3 g6 3. c3 Bg7 4. g3 Nf6 5. Bg2 O-O  6. O-O  c6 7. Nbd2
Nbd7 8. Re1 c5 9. e4 Ne8 10. dxc5 Nxc5 11. Nb3 Nxb3 12. Qxb3 Qc7 13. Be3 Be6
14. Qc2 Rc8 15. Nd4 Bd7 16. Qb3 a6 17. Qd1 Nf6 18. h3 e5 19. Nc2 Bc6 20. Bg5
Rfe8 21. Nb4 a5 22. Nxc6 bxc6 23. c4 Nd7 24. Qd2 Nc5 25. Rad1 Ne6 26. Be3 Nd4
27. Qc3 c5 28. Bd2 Ra8 29. Bc1 a4 30. Rd3 Rab8 31. Be3 Qb6 32. Rd2 Re7 33. Rb1
Reb7 34. Qd3 Qa6 35. Bxd4 cxd4 36. Rc2 Rb4 37. Bf1 Qb7 38. Be2 Qc6 39. Bf1 R8b6
40. Bg2 Qb7 41. Qd2 Rc6 42. Bf1 Rc5 43. Bd3 Rc6 44. Qe2 Bh6 45. Kh2 Rcb6 46. h4
Qb8 47. Kg2 Rb7 48. Kh2 Bf8 49. Qd2 Be7 50. Qe2 Kg7 51. Kg2 Bd8 52. f4 exf4 53.
gxf4 Bxh4 54. Kf3 Bf6 55. Qh2 h5 56. Rg2 h4 57. Rd2 Qh8 58. Be2 Qh5+ 59. Kf2
Qh6 60. Ke1 d3 61. Rxd3 Rxb2 62. Rxb2 Rxb2 63. Rxd6 Bc3+ 64. Kd1 h3 65. Rd3 Be5
66. Rxh3 Qxf4 67. Qxf4 Bxf4 68. Ra3 Rd2+ 69. Ke1 Rd4 70. Rxa4 Rxe4 71. Kf2 f5
72. Bf3 Re7 73. Bd5 g5 74. Ra8 g4 75. a4 Be3+ 76. Kg3 Kf6 77. a5 Ra7 78. a6
Rxa8 79. Bxa8 Ke5 80. Bc6 Kf6 81. Bd7 Kg5 82. Kg2 f4 83. Be6 Ba7 {Remis nach weiteren Zuegen (nicht rekonstruierbar)} 1/2-1/2

[Event "Rheinland-Pfalz 2-Nordrhein-Westfalen 2"]
[Site "Templin"]
[Date "2017.09.26"]
[Round "2.3"]
[White "Andersen, Knut"]
[Black "Schowalter, Gerd"]
[Result "1-0"]
[BlackElo "1946"]
[BlackTeam "Rheinland-Pfalz 2"]
[Board "3"]
[WhiteElo "2108"]
[WhiteTeam "Nordrhein-Westfalen 2"]

1. d4 d5 2. Bf4 Nf6 3. e3 Bf5 4. c4 e6 5. Nc3 c6 6. Qb3 Qc8 7. Nf3 Nbd7 8. Rc1
dxc4 9. Bxc4 Nb6 10. Nb5 Nfd5 11. Nd6+ Bxd6 12. Bxd6  Nxc4 13. Qxc4 Qd7 14.
Bc5 f6 15. O-O  Kf7 16. Rfe1 Bg4 17. Nd2 Nb6 18. Qb3 Qd5 19. f3 Qxb3 20.
Nxb3 Bh5 21. Na5 Na4 22. Nxb7 Nxb2 23. Nd6+ Kg8 24. Rb1 Nd3 25. Red1 Nxc5 26.
dxc5 h6 27. Rb7 Bg6 28. e4 Kh7 29. Rdb1 Rhd8 30. a4 a5 31. R1b6 Be8 32. Re7 Bg6
33. Rbb7 Rg8 34. Rxe6 Rab8 35. Ree7 Rxb7 36. Rxb7 Ra8 37. Kf2 h5 38. h4 Ra6 39.
f4 Kh6 40. f5 Bh7 41. Nf7#  1-0

[Event "Rheinland-Pfalz 2-Nordrhein-Westfalen 2"]
[Site "Templin"]
[Date "2017.09.26"]
[Round "2.4"]
[White "Ranker, Klemens"]
[Black "Haselhorst, Helmut"]
[Result "0-1"]
[BlackElo "2067"]
[BlackTeam "Nordrhein-Westfalen 2"]
[Board "4"]
[WhiteElo "1835"]
[WhiteTeam "Rheinland-Pfalz 2"]

1. e4 Nf6 2. Nc3 e5 3. Nf3 Nc6 4. d3 d5 5. h3 Bb4 6. Bd2 O-O  7. exd5 Nxd5
 8. Nxd5 Qxd5 9. Be2 Bf5 10. Bxb4 Nxb4 11. a3 Nc6 12. O-O  Rad8 13. Qc1
h6 14. Rd1 Rfe8 15. Ne1 Nd4 16. Bf1 Rd6 17. Qe3 Rg6 18. Kh2 c5 19. b3 Bc8 20.
Rab1 b6 21. b4 cxb4 22. Rxb4 Bb7 23. c4 Qc6 24. Rb2 Ree6 25. Rdd2 Rg5 26. f3
Nf5 27. Qf2 Ng3 28. Be2 Rf6 29. Bd1 Rf4 30. Rbc2 Qd6 31. c5 bxc5 32. Rb2 Bd5
33. Nc2 Nf5 34. Kg1 h5 35. Ne1 Be6 36. Rbc2 Nd4 37. Kh1 Nxc2 38. Rxc2 Qd4 39.
Qe2 Bxh3 40. Rc4 Bxg2+ 41. Nxg2 Rh4+  0-1

[Event "Württemberg 2-Brandenburg 2"]
[Site "Templin"]
[Date "2017.09.26"]
[Round "2.1"]
[White "Urban, Hans-Rainer"]
[Black "Gabriel, Josef"]
[Result "1-0"]
[BlackElo "2091"]
[BlackTeam "Württemberg 2"]
[Board "1"]
[WhiteElo "2088"]
[WhiteTeam "Brandenburg 2"]

1. e4 g6 2. d4 Bg7 3. Nc3 d6 4. Be3 a6 5. Nge2 Nd7 6. h3 b5 7. Ng3 Bb7 8. Qd2 c5
9. d5 h5 10. Be2 h4 11. Nf1 Ngf6 12. f3 Qa5 13. Nd1 Qc7 14. a4 b4 15. c4 e6 16.
Nf2 exd5 17. cxd5 Kf8 18. g4 Re8 19. Qc2 Qa5 20. Bd2 Nb6 21. Ne3 Nfd7 22. O-O
 Bd4 23. Nc4 Nxc4 24. Bxc4 Ne5 25. Be2 Qb6 26. f4 Nd7 27. Bc4 Nf6 28. Rae1
Kg7 29. Kg2 Re7 30. g5 Nh5 31. Ng4 Rhe8 32. Rf3 Ng3 33. Nf6 Rc8 34. Be3 Bxf6
35. gxf6+ Kxf6 36. Bf2 Kg7 37. Bxg3 hxg3 38. Rxg3 Rh8 39. b3 Qd8 40. Qb2+ Kg8
41. Qf6 Rd7 42. Qxd8+ Rxd8 43. Kf3 Kg7 44. Re3 Rh4 45. Bf1 Re8 46. a5 Kf6 47.
Rg4 Rh5 48. Rg3 Bc8 49. Kf2 Rh4 50. Rgf3 Kg7 51. Bc4 Rh5 52. Rg3 f6 53. Bd3 g5
54. Be2 Rh4 55. fxg5 Rexe4 56. gxf6+ Kxf6 57. Rxe4 Rxe4 58. Bc4 Rh4 59. Re3 Rh8
60. Rf3+ Ke7 61. Re3+ Kd8 62. Rg3 Rh7 63. Rg8+ Kc7 64. Rg3 Kb7 65. Kg2 Bd7 66.
Bd3 Re7 67. Rg6 Re3 68. Rg3 Re7 69. Rg6 Re3 70. Rg3 Re5 71. Rg7 Kc7 72. Bxa6
Kd8 73. Bc4 Rh5 74. a6 Bxh3+ 75. Kg3  1-0

[Event "Württemberg 2-Brandenburg 2"]
[Site "Templin"]
[Date "2017.09.26"]
[Round "2.2"]
[White "Wolf, Walter"]
[Black "Ellenberg, Ekkehard"]
[Result "1-0"]
[BlackElo "2057"]
[BlackTeam "Brandenburg 2"]
[Board "2"]
[WhiteElo "2110"]
[WhiteTeam "Württemberg 2"]

1. b3 Nf6 2. Bb2 e6 3. e3 d5 4. f4 b6 5. Nf3 Bb7 6. g3 Nbd7 7. Bg2 c5 8. O-O
 Be7 9. d3 Qc7 10. Qe2 Rc8 11. Nbd2 O-O  12. c4 Rfe8 13. e4 d4 14. e5
Ng4 15. Nxd4 Bxg2 16. Kxg2 Ngxe5 17. fxe5 cxd4 18. Bxd4 Bc5 19. Bb2 Rf8 20. d4
Be7 21. Nf3 Rce8 22. h3 f6 23. exf6 Bxf6 24. Rad1 Rf7 25. Qe4 Nf8 26. Ne5 Bxe5
27. Rxf7 Qxf7 28. Qxe5 Rd8 29. Rf1 Qd7 30. Qe4 Qd6 31. Rf2 Ng6 32. h4 Nf8 33.
Re2 Rd7 34. a3 a5 35. Rf2 Rd8 36. Qf3 Qc7 37. h5 h6 38. a4 Nh7 39. Qg4 Qe7 40.
Bc1 Kh8 41. Re2 Nf6 42. Qxe6 Qb7+ 43. Kf2 Re8 44. Qf5 Rxe2+ 45. Kxe2 Qg2+ 46.
Qf2 Qe4+ 47. Qe3 Qg4+ 48. Kd3 Qxh5 49. d5 Qg6+ 50. Kd4 Qg4+ 51. Ke5 Qc8 52. Qf4
Qe8+ 53. Kd4 Qe1 54. Qe3 Qb4 55. Bd2 Qa3 56. Qf3 Qb2+ 57. Qc3 Qb1 58. Qd3 Qa1+
59. Ke3 Qe5+ 60. Kf3 Qh5+ 61. Kg2 Ng4 62. Qe2 Qh2+ 63. Kf3 Qh5 64. Bf4 Nf6+ 65.
Ke3 Qf5 66. Qd3 Qg4 67. Qd4 Nd7 68. Kd2 Nc5 69. Qe3 Qf5 70. d6 Kh7 71. Ke2 h5
72. Kf2 Ne4+ 73. Kf3 Nxd6 74. Qxb6 Qd3+ 75. Kg2 Ne4 76. Qe3 Qc2+ 77. Kf1 Nf6
78. Qe5 Qxb3 79. Qf5+ Kg8 80. c5 Qxa4 81. Qe6+ Kh7 82. c6 Qd1+ 83. Kg2 Qc2+ 84.
Kh3 Ng4 85. Kh4 Qh2+ 86. Kg5 Nf2 87. Qg6+ Kg8 88. Qe8+ Kh7 89. Qxh5+  1-0

[Event "Württemberg 2-Brandenburg 2"]
[Site "Templin"]
[Date "2017.09.26"]
[Round "2.3"]
[White "Zoll, Detlef"]
[Black "Schmid, Hartmut"]
[Result "1/2-1/2"]
[BlackElo "2138"]
[BlackTeam "Württemberg 2"]
[Board "3"]
[WhiteElo "1893"]
[WhiteTeam "Brandenburg 2"]

1. d4 d5 2. Nc3 Nf6 3. Bg5 Nc6 4. f3 g6 5. e4 Be6 6. e5 Nd7 7. Nge2 Nb6 8. Nf4
Qd7 9. Nxe6 Qxe6 10. Bb5 Bg7 11. Qe2 O-O  12. Bxc6 bxc6 13. O-O  f6 14.
exf6 Qxe2 15. Nxe2 exf6 16. Bf4 Rfe8 17. Kf2 Re7 18. b3 g5 19. Bd2 Kf7 20. Rae1
 1/2-1/2

[Event "Württemberg 2-Brandenburg 2"]
[Site "Templin"]
[Date "2017.09.26"]
[Round "2.4"]
[White "Keller, Harald"]
[Black "Sawinsky, Ralf"]
[Result "1/2-1/2"]
[BlackElo "1956"]
[BlackTeam "Brandenburg 2"]
[Board "4"]
[WhiteElo "2077"]
[WhiteTeam "Württemberg 2"]

1. e4 e6 2. Nf3 d5 3. e5 c5 4. b4 b6 5. bxc5 bxc5 6. c3 Bd7 7. Be2 Ne7 8. d4 Nf5
9. O-O  Nc6 10. Be3 Be7 11. Nbd2 O-O  12. Bd3 Nxe3 13. fxe3 f6 14. exf6
Bxf6 15. Rb1 c4 16. Be2 Bg5 17. e4 Be3+ 18. Kh1 Rb8 19. Rxb8 Qxb8 20. Qc2 Qe8
21. e5 Ne7 22. Nh4 Rxf1+ 23. Nxf1 Bh6 24. Bg4 Qf8 25. Qe2  1/2-1/2